| 000 | 01202nam0a22002891 4500 | ||
|---|---|---|---|
| 001 | RU\INFOCOMM_322\NLR\5000230956 | ||
| 005 | 20250613112256.0 | ||
| 035 | _a(NLR Aleph) 009607143 | ||
| 090 |
_a9348151 _c9348151 |
||
| 100 | _a20130314d1990 |||y0rusy50 ca | ||
| 101 | 0 | _aeng | |
| 102 | _aRU | ||
| 105 | _ay z ||||| | ||
| 200 | 1 |
_aOn influence of the magnetic field on stability and spectral properties of soliton structures in a discrete model of anisotropic ferromagnet _fBeloshapkin V. V., Berman G. P., Shtukkert E. V., Tretyakov A. G. |
|
| 210 |
_aKrasnoyarsk _cL. V. Kirensky inst. of physics _d1990 |
||
| 215 |
_a29 с. _cграф. _d20 см |
||
| 225 | 1 |
_aPreprint _fUSSR Acad. of sciences. Siberian branch, L. V. Kirensky inst. of physics _vN 662 F |
|
| 320 | _aБиблиогр.: с. 16-17 | ||
| 606 | 0 |
_aМагнитные материалы, анизотропные _xМодель, дискретная _2nlr_sh1 |
|
| 686 |
_aВ373.34 _2rubbk |
||
| 701 | 1 |
_9z01790 _aBelošapkin _bV. V. _gValerij Vasil'evič |
|
| 790 | 1 |
_9z01701 _aBeloshapkin _bV. V. _4070 |
|
| 801 | 1 |
_aRU _bInfocomm _c20130314 |
|
| 801 | 0 |
_aRU _bINFOCOMM _gPSBO |
|
| 852 |
_aNLR _jФз01 Д-4/6498 |
||
| 942 | _cBOOK | ||
| 980 | _aNB | ||